Paroles Valerie - Amy Winehouse - Statistiques

Statistiques générales
  • Ce quiz a été pris 132 fois
  • Le résultat moyen est 191 sur 285
Statistiques - réponses
Réponse % Correct
Valerie?
91%
Valerie
91%
A
90%
I
90%
My
87%
Go
86%
You
86%
The
84%
And
83%
By
83%
Myself
83%
Sometimes
83%
What
83%
Come
80%
Out
80%
Water
80%
Look
75%
Across
74%
Of
74%
Over
74%
Over?
74%
Me
73%
Why
72%
Your
72%
Well
71%
All
70%
Think
70%
On
69%
Don't
68%
Stop
67%
Ginger
66%
Hair
66%
To
66%
Making
65%
Things,
64%
Things
64%
Dress
62%
Dress.
62%
Picture
62%
Way
61%
Head
60%
In
60%
Fool
59%
Like
59%
Mess
59%
Doing
57%
Been
53%
Did
52%
Home,
52%
Home
52%
Since
52%
You're
51%
Body's
50%
I've
50%
Paint
50%
Missed
47%
Have
46%
Lawyer?
44%
Won't
44%
For
41%
Are
40%
Jail
39%
Cause
37%
Get
37%
Good
36%
Color
33%
It
33%
Busy?
31%
Fix
30%
Anywhere
29%
Hope
29%
Man
29%
Right
28%
Time
28%
Up
28%
Fine
27%
Put
27%
That
26%
Find
25%
Pay
25%
Catch
24%
Changed
23%
Shopping
23%
Ya
23%
Didn't
21%
Dizzy?
20%
House
20%
Tan
20%
Still
19%
Who'll
18%
You'll
16%
Were
15%
Sail
13%
Dodging
12%
Heas
4%
Aucun quiz correspondant
Distribution des résultats
% des personnes avec chaque résultat
Percentile par nombre de réponses
Votre historique - résultats
Vous n’avez pas pris ce quiz